BioCritique of Bijay Kumar Das/ (Record no. 174096)

MARC details
000 -LEADER
fixed length control field 00616nam a22002177a 4500
005 - DATE AND TIME OF LATEST TRANSACTION
control field 20200317131249.0
010 ## - LCCN (DPL NO)
LC control number ENG-128082
020 ## - INTERNATIONAL STANDARD BOOK NUMBER
Terms of availability 250.00
035 ## - SYSTEM CONTROL NUMBER
System control number EN-111614
037 ## - SOURCE OF ACQUISITION
Source of stock number/acquisition DBAD/PUB
082 ## - DEWEY DECIMAL CLASSIFICATION NUMBER
Classification number 920
245 ## - TITLE STATEMENT
Title BioCritique of Bijay Kumar Das/
Statement of responsibility, etc edited by Mohanty, Ashok Kumar
260 ## - PUBLICATION, DISTRIBUTION, ETC. (IMPRINT)
Place of publication, distribution, etc Cuttack
Name of publisher, distributor, etc Mrs. Kalpana Das
Date of publication, distribution, etc 2017
270 ## - ADDRESS
Address D/221, Sector-7, CDA
City Cuttack
Postal code 753014
300 ## - PHYSICAL DESCRIPTION
Extent 228p.
Dimensions 21cm(pbk)
700 ## - ADDED ENTRY--PERSONAL NAME
Personal name Chowdhury, Anupama
700 ## - ADDED ENTRY--PERSONAL NAME
Personal name Parveen, Bilkesh
700 ## - ADDED ENTRY--PERSONAL NAME
Personal name Manna, Mousumi C.
700 ## - ADDED ENTRY--PERSONAL NAME
Personal name Mishra, Pravat Kumar
942 ## - ADDED ENTRY ELEMENTS (KOHA)
Source of classification or shelving scheme Dewey Decimal Classification
Item type English Books
Classification part 920
Call number suffix BIO
Holdings
Withdrawn status Lost status Not for loan Collection code Home library Current library Date acquired Source of acquisition Cost, normal purchase price Full call number Barcode Copy number Cost, replacement price Koha item type
      Non-fiction Central Library Central Library 17/03/2020 DBAD/PUB 250.00 920 BIO EN-111614 1 250.00 English Books

© Delhi Public Library
Hit Counter
free hit counter